00378nam a22001217a 450000500170000002000190001703500130003603700130004910000230006224500990008526000470018430000250023120120517144511.0 a8175100206c00 aA-896147 aDPLbENG aMohan Kumar , P.S. aCotton textile industry :bA comparative analysis of difference sectors /cby P.S. Mohan Kumar aNew DelhibReliance Publishing Housec1997 aviii, 239p.c18 cms.